[Event "Kreis-Mitte-EM"]
[Site "Zirndorf"]
[Date "2016.01.04"]
[Round "4.1"]
[White "Mantel, Ruben"]
[Black "Süß, Stefan"]
[Result "0-1"]
[WhiteElo "1901"]
[BlackElo "2002"]
[PlyCount "42"]
[EventDate "2016.??.??"]
[WhiteTeam "Zabo-Eintracht N."]
[BlackTeam "SC N-T Nürnberg"]

1. e4 Nf6 2. Nc3 e6 3. d4 d5 4. Bg5 dxe4 5. Nxe4 Nbd7 6. Nf3 Be7 7. Bd3 Nxe4 8.
Bxe7 Qxe7 9. Bxe4 Nf6 10. Bd3 O-O 11. O-O c5 12. dxc5 Qxc5 13. Qe2 b6 14. Ne5
Bb7 15. Ng4 Qd4 16. Nxf6+ Qxf6 17. c3 Qf4 18. Rad1 Rad8 19. Rd2 Rd5 20. Qe3
Qxe3 21. fxe3 Rfd8 0-1

[Event "Kreis-Mitte-EM"]
[Site "Zirndorf"]
[Date "2016.01.04"]
[Round "4.2"]
[White "Erlbeck, Peter"]
[Black "Rummel, Gerald"]
[Result "1/2-1/2"]
[WhiteElo "2018"]
[BlackElo "1732"]
[PlyCount "59"]
[EventDate "2016.??.??"]
[WhiteTeam "SW Nürnberg Süd"]
[BlackTeam "SG Nürnberg 1978"]

1. e4 e6 2. d4 d5 3. e5 c5 4. c3 Nc6 5. Nf3 Bd7 6. a3 c4 7. Be2 Na5 8. Nbd2 Bc6
9. O-O Qd7 10. Qe1 Ba4 11. Bd1 Ne7 12. Rb1 Nc8 13. Bxa4 Qxa4 14. Qd1 Qxd1 15.
Rxd1 Nb6 16. Rf1 Be7 17. Ne1 Rc8 18. f4 g6 19. Nc2 h5 20. Nf3 Na4 21. Be3 Rc6
22. h3 h4 23. Bf2 Rb6 24. Nb4 Nc6 25. Rfc1 a5 26. Nxc6 bxc6 27. Rc2 Kd7 28. Be3
Rhb8 29. Bc1 Rb3 30. Nd2 1/2-1/2

[Event "Kreis-Mitte-EM"]
[Site "Zirndorf"]
[Date "2016.01.04"]
[Round "4.3"]
[White "Adelhütte, Dennis"]
[Black "Leis, Stefan"]
[Result "1/2-1/2"]
[WhiteElo "1924"]
[BlackElo "1878"]
[PlyCount "44"]
[EventDate "2016.??.??"]
[WhiteTeam "SC JÄKLECHEMIE"]
[BlackTeam "SC Mühlh.-Reichelsd."]

1. e4 e6 2. d4 d5 3. Nd2 h6 4. Bd3 c5 5. exd5 exd5 6. dxc5 Bxc5 7. Nb3 Bb6 8.
Ne2 Nf6 9. O-O O-O 10. h3 Nc6 11. Ng3 a5 12. a4 Re8 13. Bb5 Ne4 14. Nxe4 dxe4
15. Qxd8 Rxd8 16. Bxc6 bxc6 17. Re1 Be6 18. Be3 Bxb3 19. Bxb6 Rdb8 20. cxb3
Rxb6 21. Rxe4 Rxb3 22. Rc1 Rxb2 1/2-1/2

[Event "Kreis-Mitte-EM"]
[Site "Zirndorf"]
[Date "2016.01.04"]
[Round "4.4"]
[White "Hannweber, Markus"]
[Black "Fuchs, Gerhard"]
[Result "1/2-1/2"]
[WhiteElo "1838"]
[BlackElo "2052"]
[PlyCount "31"]
[EventDate "2016.??.??"]
[WhiteTeam "SK Nürnberg 1911"]
[BlackTeam "SK Nürnberg 1911"]

1. e4 e5 2. Nf3 Nf6 3. Nxe5 d6 4. Nf3 Nxe4 5. d4 d5 6. Bd3 Be7 7. h3 O-O 8. O-O
Nc6 9. c4 Nb4 10. Be2 dxc4 11. Bxc4 Nd6 12. Bb3 Bf5 13. Ne5 a5 14. Nc3 c6 15.
a3 Na6 16. Be3 1/2-1/2

[Event "Kreis-Mitte-EM"]
[Site "Zirndorf"]
[Date "2016.01.04"]
[Round "4.5"]
[White "Wawor, Gerhard"]
[Black "Junk, Philipp"]
[Result "1-0"]
[WhiteElo "1893"]
[BlackElo "1747"]
[PlyCount "143"]
[EventDate "2016.??.??"]
[WhiteTeam "SK Nürnberg 1911"]
[BlackTeam "SC JÄKLECHEMIE"]

1. d4 Nf6 2. c4 e5 3. dxe5 Ng4 4. Bf4 g5 5. Bg3 Bg7 6. Nf3 Nc6 7. Nc3 Ngxe5 8.
Nxe5 Nxe5 9. e3 d6 10. Qd2 Be6 11. b3 Qf6 12. Rc1 O-O-O 13. Be2 Kb8 14. O-O h5
15. f4 Ng4 16. Ne4 Qg6 17. Nxg5 Bf5 18. Bf3 f6 19. e4 fxg5 20. exf5 Qxf5 21.
fxg5 Qc5+ 22. Kh1 Bd4 23. b4 Qb6 24. c5 dxc5 25. Bxg4 hxg4 26. Rf7 Be5 27. Qf2
Qd6 28. Bxe5 Qxe5 29. Qf4 Qxf4 30. Rxf4 Rd4 31. Rxd4 cxd4 32. Rd1 Kc8 33. Rxd4
g3 34. Rg4 Re8 35. hxg3 Re7 36. g6 Rg7 37. Kh2 Rg8 38. Kh3 Rh8+ 39. Rh4 Rg8 40.
Rh6 Kd7 41. Kg4 Ke6 42. Kg5 c6 43. Rh7 b6 44. Rf7 c5 45. Kh6 Rh8+ 46. Kg7 Rh5
47. Rxa7 c4 48. Rc7 b5 49. g4 Rh4 50. Rc6+ Ke7 51. Rc5 Rxg4 52. Rxb5 Rxg2 53.
a4 Rb2 54. Rb7+ Ke6 55. Kf8 Rf2+ 56. Ke8 c3 57. Rc7 Rh2 58. g7 Rg2 59. b5 c2
60. Rxc2 Rxg7 61. Kd8 Ra7 62. Rc6+ Kd5 63. Ra6 Rh7 64. Kc8 Kc5 65. Rc6+ Kb4 66.
b6 Kxa4 67. b7 Rh8+ 68. Kc7 Rh7+ 69. Kb6 Rh8 70. Rc8 Rh6+ 71. Ka7 Rh7 72. Ka8
1-0

[Event "Kreis-Mitte-EM"]
[Site "Zirndorf"]
[Date "2016.01.04"]
[Round "4.6"]
[White "Drees, Martin"]
[Black "Nüßlein, Christian"]
[Result "0-1"]
[WhiteElo "1875"]
[BlackElo "1649"]
[PlyCount "110"]
[EventDate "2016.??.??"]
[WhiteTeam "TSV Cadolzburg"]
[BlackTeam "SG Nürnberg 1978"]

1. e4 Nf6 2. Nc3 e5 3. Nf3 Nc6 4. a3 d5 5. Bb5 Bg4 6. h3 Bxf3 7. Qxf3 Nxe4 8.
Nxe4 dxe4 9. Qxe4 Qd6 10. d4 O-O-O 11. Bxc6 bxc6 12. Qxe5 Qxe5+ 13. dxe5 Re8
14. Be3 Rxe5 15. O-O-O Bc5 16. Bxc5 Rxc5 17. Rhe1 Rd5 18. Re7 Rxd1+ 19. Kxd1
Rd8+ 20. Ke2 Rd7 21. Rxd7 Kxd7 22. Kd3 c5 23. Ke4 Ke6 24. g4 g6 25. Kf4 h6 26.
h4 f6 27. a4 a5 28. Ke4 Kd6 29. Kd3 Kd5 30. f3 c4+ 31. Kc3 g5 32. h5 c6 33. Kd2
Kd4 34. Ke2 c3 35. b3 c5 36. Kf2 c4 37. bxc4 Kxc4 38. Ke3 Kb4 39. Kd3 Kxa4 40.
Kxc3 Ka3 41. Kd4 Kb4 42. c3+ Kb3 43. c4 a4 44. c5 a3 45. c6 a2 46. c7 a1=Q+ 47.
Kc5 Qe5+ 48. Kc6 Qc3+ 49. Kd7 Qxf3 50. Ke7 Qxg4 51. Kxf6 Qf4+ 52. Kg6 Qxc7 53.
Kxh6 Qf4 54. Kg6 g4 55. h6 Qxh6+ 0-1

[Event "Kreis-Mitte-EM"]
[Site "Zirndorf"]
[Date "2016.01.04"]
[Round "4.7"]
[White "Effenberg, Michael"]
[Black "Faralisz, Patrick"]
[Result "1-0"]
[WhiteElo "1673"]
[BlackElo "1803"]
[PlyCount "77"]
[EventDate "2016.??.??"]
[WhiteTeam "SC JÄKLECHEMIE"]
[BlackTeam "SC N-T Nürnberg"]

1. d4 d5 2. c4 c6 3. e3 Nf6 4. Nc3 a6 5. Nf3 Bf5 6. Bd3 Bg6 7. O-O e6 8. Ne5
Bxd3 9. Qxd3 Nbd7 10. Nxd7 Nxd7 11. Re1 Be7 12. a3 O-O 13. c5 e5 14. b4 e4 15.
Qe2 Re8 16. f3 Nf6 17. fxe4 dxe4 18. Bb2 Qc7 19. Rf1 Rad8 20. Rf4 Bf8 21. Raf1
Re7 22. Rxf6 gxf6 23. Qg4+ Bg7 24. d5 h5 25. Qxh5 Re5 26. Qg4 cxd5 27. Rxf6 Qe7
28. Rf5 d4 29. Rxe5 Qxe5 30. Nxe4 Kf8 31. Bxd4 Rxd4 32. exd4 Qxd4+ 33. Nf2 Qe3
34. Qc8+ Ke7 35. Qxb7+ Kf8 36. Qc8+ Ke7 37. Qb7+ Kf8 38. Qa8+ Ke7 39. Qe4+ 1-0

[Event "Kreis-Mitte-EM"]
[Site "Zirndorf"]
[Date "2016.01.04"]
[Round "4.8"]
[White "Thürauf, Peter"]
[Black "Meyer, Robert"]
[Result "1/2-1/2"]
[WhiteElo "1800"]
[BlackElo "1576"]
[PlyCount "58"]
[EventDate "2016.??.??"]
[WhiteTeam "SW Nürnberg Süd"]
[BlackTeam "SC Stein"]

1. d4 d5 2. Nf3 c6 3. c4 e6 4. Nc3 Nf6 5. Bg5 h6 6. Bh4 Be7 7. e3 Nbd7 8. Rc1
O-O 9. Bd3 dxc4 10. Bxc4 Nb6 11. Bd3 Nfd5 12. Bxe7 Qxe7 13. O-O Nxc3 14. Rxc3
Nd5 15. Rc1 Bd7 16. Bb1 g6 17. Ne5 Be8 18. e4 Nf6 19. Qd2 Kg7 20. f4 Rd8 21. b4
Nd7 22. Nf3 f6 23. Qc3 Bf7 24. a4 Rc8 25. Qb2 Rfd8 26. Rfd1 Nb8 27. Bd3 g5 28.
fxg5 hxg5 29. h3 Rh8 1/2-1/2

[Event "Kreis-Mitte-EM"]
[Site "Zirndorf"]
[Date "2016.01.04"]
[Round "4.9"]
[White "Leuschner, Günter"]
[Black "Herbst, Thomas"]
[Result "0-1"]
[WhiteElo "1746"]
[BlackElo "1846"]
[PlyCount "122"]
[EventDate "2016.??.??"]
[WhiteTeam "SW Nürnberg Süd"]
[BlackTeam "SK Nürnberg 1911"]

1. d4 d5 2. Nf3 Nf6 3. e3 c6 4. Bd3 e6 5. O-O Nbd7 6. b3 Bd6 7. Ba3 Bxa3 8.
Nxa3 Qe7 9. Nb1 e5 10. dxe5 Nxe5 11. Nbd2 Nxd3 12. cxd3 O-O 13. Re1 Bg4 14. Nf1
Rfe8 15. h3 Bxf3 16. Qxf3 Rad8 17. Ng3 g6 18. Re2 Nd7 19. d4 Nf6 20. Rc2 Kg7
21. Rac1 Rd6 22. b4 h5 23. a3 h4 24. Nf1 Ne4 25. Nh2 f5 26. a4 Ra8 27. b5 cxb5
28. Rc7 Rd7 29. Qf4 Rad8 30. axb5 Rxc7 31. Rxc7 Rd7 32. Rc8 Nd6 33. Ra8 Qe4 34.
Qxe4 fxe4 35. Rxa7 Nxb5 36. Ra5 Nd6 37. f3 b5 38. fxe4 dxe4 39. Ng4 Rb7 40. Ra6
Nc4 41. Rc6 Na5 42. Rc5 Nb3 43. Rc3 Nd2 44. Ne5 b4 45. Rc2 b3 46. Rb2 Rc7 47.
Rxd2 Rc2 48. Nc4 Rxc4 49. Rb2 Rc1+ 50. Kh2 Rc3 51. Kg1 Kf6 52. Rb1 Rxe3 53. Kf2
Rd3 54. Ke2 Ke6 55. Rc1 Kd5 56. Rc8 Kxd4 57. Rd8+ Kc3 58. Rc8+ Kb2 59. Re8 Kc2
60. Rxe4 b2 61. Rb4 Rb3 0-1

[Event "Kreis-Mitte-EM"]
[Site "Zirndorf"]
[Date "2016.01.04"]
[Round "4.10"]
[White "Hestermann, Hans-Ludwig"]
[Black "Meulner, Fabian"]
[Result "0-1"]
[WhiteElo "1714"]
[BlackElo "1765"]
[PlyCount "70"]
[EventDate "2016.??.??"]
[WhiteTeam "Zabo-Eintracht N."]
[BlackTeam "SW Nürnberg Süd"]

1. d4 Nf6 2. Nf3 e6 3. c4 c5 4. d5 b5 5. dxe6 fxe6 6. b3 d5 7. e3 bxc4 8. bxc4
Be7 9. Bd3 O-O 10. O-O Nc6 11. a3 Rb8 12. Qc2 d4 13. Rd1 e5 14. exd4 Bg4 15.
dxe5 Nd7 16. Bxh7+ Kh8 17. e6 Nd4 18. Rxd4 cxd4 19. exd7 Bxf3 20. gxf3 Qxd7 21.
Be4 d3 22. Qxd3 Qxd3 23. Bxd3 Rbd8 24. Be2 Rfe8 25. Nd2 Bf6 26. Ra2 Rxe2 27.
Kf1 Rde8 28. Rc2 Bh4 29. Kg2 Rxf2+ 30. Kh3 Bd8 31. c5 Bc7 32. Rc3 Rxh2+ 33. Kg4
Rg2+ 34. Kh3 Rg3+ 35. Kh4 Re1 0-1

[Event "Kreis-Mitte-EM"]
[Site "Zirndorf"]
[Date "2016.01.04"]
[Round "4.11"]
[White "Wirth, Karl-Heinz"]
[Black "Hahn, Thomas"]
[Result "1-0"]
[WhiteElo "1758"]
[BlackElo "1637"]
[PlyCount "79"]
[EventDate "2016.??.??"]
[WhiteTeam "SC Mühlh.-Reichelsd."]
[BlackTeam "Zabo-Eintracht N."]

1. e4 c5 2. b4 cxb4 3. a3 e5 4. Nf3 Nf6 5. axb4 Nxe4 6. Qe2 Nf6 7. Nxe5 Qe7 8.
b5 d6 9. Nf3 Bg4 10. Kd1 Qxe2+ 11. Bxe2 Ne4 12. Rf1 Be7 13. h3 Bh5 14. d3 Bf6
15. Ra3 Nc5 16. Nbd2 Nbd7 17. d4 Ne6 18. Re3 O-O 19. Ba3 Bxf3 20. Nxf3 Rfe8 21.
c3 d5 22. Bd3 Nf4 23. Bf5 Nb6 24. g3 Rxe3 25. fxe3 Ng2 26. Bc1 Nc4 27. Ke2
Ngxe3 28. Bxe3 Re8 29. Ra1 Nxe3 30. Bd7 Nc2+ 31. Bxe8 Nxa1 32. Bd7 Nb3 33. Bc8
Na5 34. Ne5 Bxe5 35. dxe5 Kf8 36. Kd3 Ke7 37. Kd4 Kd8 38. Bf5 Nc4 39. Bxh7 Na3
40. Bd3 1-0

[Event "Kreis-Mitte-EM"]
[Site "Zirndorf"]
[Date "2016.01.04"]
[Round "4.12"]
[White "Babichev, Vyacheslav"]
[Black "Wieczorek, Heinz"]
[Result "1/2-1/2"]
[WhiteElo "1712"]
[BlackElo "1630"]
[PlyCount "60"]
[EventDate "2016.??.??"]
[WhiteTeam "SW Nürnberg Süd"]
[BlackTeam "SW Nürnberg Süd"]

1. e4 e5 2. Nf3 Nc6 3. Nc3 Nf6 4. d4 exd4 5. Nd5 Nxe4 6. Qe2 f5 7. Ng5 Be7 8.
Nxe4 fxe4 9. Qh5+ g6 10. Qh6 Bf6 11. Bc4 Ne5 12. Bb3 Ng4 13. Qf4 d6 14. Qxe4+
Kf8 15. h3 Bf5 16. Qe2 Ne5 17. Nxf6 Qxf6 18. Bh6+ Ke8 19. f4 Qh4+ 20. g3 Qxh6
21. fxe5 Kd8 22. g4 Bd7 23. e6 Bc6 24. O-O Re8 25. Rae1 Qxh3 26. e7+ Kc8 27.
Qe6+ Kb8 28. Bd5 Qg3+ 29. Kh1 Qh3+ 30. Kg1 Qg3+ 1/2-1/2

[Event "Kreis-Mitte-EM"]
[Site "Zirndorf"]
[Date "2016.01.04"]
[Round "4.13"]
[White "Diebel, Günter"]
[Black "Albayrak, Atilla"]
[Result "1-0"]
[WhiteElo "1700"]
[BlackElo "1387"]
[PlyCount "55"]
[EventDate "2016.??.??"]
[WhiteTeam "SW Nürnberg Süd"]
[BlackTeam "Zabo-Eintracht N."]

1. e4 e5 2. Nf3 Nc6 3. Bc4 Nf6 4. Nc3 Bc5 5. h3 h6 6. d3 Qe7 7. a3 a6 8. Be3 b5
9. Ba2 Bb7 10. b4 Bxe3 11. fxe3 d6 12. Nd5 Nxd5 13. exd5 Nb8 14. e4 c6 15. dxc6
Nxc6 16. O-O O-O 17. c3 Rac8 18. Qe1 Nd8 19. Nh4 Qg5 20. Rf5 Qe7 21. Ng6 Qe8
22. Nxf8 Qxf8 23. Rc1 Qe7 24. Qf2 Rc7 25. Rf1 Ne6 26. Rxf7 Qxf7 27. Qxf7+ Rxf7
28. Bxe6 1-0

[Event "Kreis-Mitte-EM"]
[Site "Zirndorf"]
[Date "2016.01.04"]
[Round "4.14"]
[White "Walch, Roger"]
[Black "Albayrak, Aylin"]
[Result "0-1"]
[WhiteElo "1617"]
[BlackElo "1646"]
[PlyCount "28"]
[EventDate "2016.??.??"]
[WhiteTeam "SW Nürnberg Süd"]
[BlackTeam "Zabo-Eintracht N."]

1. e4 e5 2. Bc4 Nf6 3. d4 exd4 4. Nf3 Bb4+ 5. c3 dxc3 6. bxc3 Bc5 7. O-O O-O 8.
e5 Ng4 9. Qc2 Qe8 10. Bf4 Nc6 11. Bd3 g6 12. h3 Ngxe5 13. Nxe5 Nxe5 14. Re1
Nf3+ 0-1

[Event "Kreis-Mitte-EM"]
[Site "Zirndorf"]
[Date "2016.01.04"]
[Round "4.15"]
[White "Kocak, Ediz"]
[Black "Mantel, Hubert"]
[Result "1/2-1/2"]
[WhiteElo "1567"]
[BlackElo "1636"]
[PlyCount "103"]
[EventDate "2016.??.??"]
[WhiteTeam "SW Nürnberg Süd"]
[BlackTeam "Zabo-Eintracht N."]

1. Nf3 d5 2. d4 Bg4 3. Ne5 Bh5 4. g4 Bg6 5. Nxg6 hxg6 6. c4 e6 7. Qb3 dxc4 8.
Qxb7 Nd7 9. Qc6 Rb8 10. Bg2 Bd6 11. h3 Qf6 12. Nc3 Qxd4 13. Be3 Qe5 14. O-O-O
Ne7 15. Qe4 Qxe4 16. Nxe4 Be5 17. Nc3 Nb6 18. f4 Bxc3 19. bxc3 Ned5 20. Bxb6
Nxb6 21. Bc6+ Ke7 22. e4 Rbd8 23. Rd4 f6 24. g5 Rd6 25. Bb5 c5 26. gxf6+ gxf6
27. Rxd6 Kxd6 28. Rg1 Rxh3 29. Rxg6 Rxc3+ 30. Kb2 Re3 31. Rxf6 Rxe4 32. f5 Ke7
33. Rxe6+ Rxe6 34. fxe6 Kxe6 35. Kc3 Kd5 36. Be8 Kd6 37. Bb5 Kd5 38. Be8 a6 39.
Bf7+ Ke5 40. Bxc4 Nxc4 41. Kxc4 Kd6 42. Kc3 Kd5 43. Kd3 c4+ 44. Kc2 Kd4 45. Kd2
c3+ 46. Kc1 Kd3 47. Kd1 Kc4 48. Kc2 a5 49. Kc1 Kd3 50. Kd1 c2+ 51. Kc1 Kc3 52.
a3 1/2-1/2

[Event "Kreis-Mitte-EM"]
[Site "Zirndorf"]
[Date "2016.01.04"]
[Round "4.16"]
[White "Hauck, Martin"]
[Black "Berg, Winfried"]
[Result "1-0"]
[WhiteElo "1053"]
[BlackElo "1631"]
[PlyCount "99"]
[EventDate "2016.??.??"]
[WhiteTeam "SC N-T Nürnberg"]
[BlackTeam "SW Nürnberg Süd"]

1. e4 e5 2. Nf3 Nc6 3. Bc4 Nf6 4. Nc3 Bc5 5. Na4 Be7 6. d3 O-O 7. Be3 d6 8. Nc3
Na5 9. b3 c6 10. Qd2 b5 11. b4 bxc4 12. bxa5 Qxa5 13. O-O Be6 14. Rab1 Qc7 15.
Ne2 c5 16. Ng3 Rab8 17. Ng5 cxd3 18. Nxe6 fxe6 19. cxd3 Ng4 20. Rxb8 Qxb8 21.
Bg5 Bxg5 22. Qxg5 Nf6 23. f4 exf4 24. Rxf4 Qb1+ 25. Kf2 Qxd3 26. Kg1 Qe3+ 27.
Kh1 Qd4 28. h3 c4 29. e5 Qxe5 30. Qxe5 dxe5 31. Rxc4 e4 32. Nxe4 Nxe4 33. Rxe4
Re8 34. g4 e5 35. Kg2 g5 36. Kg3 Kf7 37. Kf3 Ke6 38. Ke3 Re7 39. Ra4 Kd5 40.
Ra5+ Kc4 41. Ke4 Kc3 42. Rb5 Kc4 43. a4 Kc3 44. a5 Kc4 45. Rb1 Kc5 46. a6 Kc6
47. Rb2 Kc7 48. Kf5 h6 49. Kf6 Kd8 50. Rb8+ 1-0

[Event "Kreis-Mitte-EM"]
[Site "Zirndorf"]
[Date "2016.01.04"]
[Round "4.17"]
[White "Albayrak, Nese Pinar"]
[Black "Münzenberg, Dietrich"]
[Result "0-1"]
[WhiteElo "902"]
[BlackElo "1627"]
[PlyCount "96"]
[EventDate "2016.??.??"]
[WhiteTeam "Zabo-Eintracht N."]
[BlackTeam "Zabo-Eintracht N."]

1. e4 c6 2. d4 d5 3. e5 Bf5 4. Nf3 e6 5. Be2 c5 6. Be3 Qb6 7. O-O Qxb2 8. Nbd2
Bxc2 9. Qe1 c4 10. Bxc4 dxc4 11. Nxc4 Qb5 12. Qe2 Qa4 13. Nb2 Qc6 14. Rfc1 Qe4
15. Ng5 Qf5 16. Rxc2 Nc6 17. Nf3 Bb4 18. Nh4 Qe4 19. Nf3 Nge7 20. a3 Ba5 21.
Nc4 Bc7 22. Rb1 Rb8 23. Rd1 O-O 24. Ng5 Qg6 25. Nh3 Rfd8 26. Rcd2 Nd5 27. Nf4
Qf5 28. Nxd5 Rxd5 29. h3 Rbd8 30. Rd3 Qe4 31. Qb2 b6 32. Nd2 Qxd3 33. Qa1 Qa6
34. Nf3 Ne7 35. Bg5 R8d7 36. Qc3 h6 37. Bf4 Ng6 38. Qe3 Nxf4 39. Qxf4 Qxa3 40.
Qe4 Qb3 41. Rd3 Qc4 42. g3 Bxe5 43. Nxe5 Rxe5 44. Qf3 Re1+ 45. Kg2 Rxd4 46.
Qa8+ Kh7 47. Rf3 Qf1+ 48. Kh2 Qg1# 0-1

[Event "Kreis-Mitte-EM"]
[Site "Zirndorf"]
[Date "2016.01.04"]
[Round "4.18"]
[White "Weißmann, Peter"]
[Black "Müller, Ludwig"]
[Result "1/2-1/2"]
[WhiteElo "1687"]
[BlackElo "1679"]
[PlyCount "42"]
[EventDate "2016.??.??"]
[WhiteTeam "SK Zirndorf"]
[BlackTeam "SG Nürnberg 1978"]

1. e4 b6 2. d4 Bb7 3. Bd3 e6 4. Be3 Nf6 5. Nd2 d6 6. g4 c5 7. g5 Nfd7 8. Ne2 g6
9. h4 h5 10. Rf1 Bg7 11. c3 Qc7 12. f4 Nc6 13. Rc1 Ne7 14. f5 exf5 15. exf5
gxf5 16. Bxf5 O-O-O 17. Bxd7+ Rxd7 18. Rxf7 Nd5 19. Rxd7 Qxd7 20. Nf1 Re8 21.
Kd2 Qh3 1/2-1/2

[Event "Kreis-Mitte-EM"]
[Site "Zirndorf"]
[Date "2016.01.04"]
[Round "5.1"]
[White "Süß, Stefan"]
[Black "Erlbeck, Peter"]
[Result "1/2-1/2"]
[WhiteElo "2002"]
[BlackElo "2018"]
[PlyCount "79"]
[EventDate "2016.??.??"]
[WhiteTeam "SC N-T Nürnberg"]
[BlackTeam "SW Nürnberg Süd"]

1. e4 c5 2. Nf3 Nc6 3. d4 cxd4 4. Nxd4 Nf6 5. Nc3 e6 6. Be2 Bb4 7. O-O Bxc3 8.
bxc3 Nxe4 9. Bf3 d5 10. Bxe4 dxe4 11. Ba3 f5 12. Nxc6 Qxd1 13. Rfxd1 bxc6 14.
Rd6 Kf7 15. Rad1 Rb8 16. g3 Rb6 17. Bc5 Rb2 18. Rxc6 Rxa2 19. Rc7+ Kg6 20. Bxa7
Re8 21. h4 Rxc2 22. Rd6 Ra2 23. Bd4 Rg8 24. Rdc6 Ra8 25. Re7 Ra5 26. Rxc8 Rxc8
27. Rxg7+ Kh6 28. Rg5 e5 29. Be3 Rxc3 30. Bd2 Ra1+ 31. Kg2 Rd3 32. Bb4 Ra8 33.
Be7 Rd7 34. Bc5 Rf7 35. g4 Rc8 36. Be3 Re8 37. Rh5+ Kg6 38. Rg5+ Kh6 39. Rh5+
Kg6 40. Rg5+ 1/2-1/2

[Event "Kreis-Mitte-EM"]
[Site "Zirndorf"]
[Date "2016.01.04"]
[Round "5.2"]
[White "Hannweber, Markus"]
[Black "Adelhütte, Dennis"]
[Result "1-0"]
[WhiteElo "1838"]
[BlackElo "1924"]
[PlyCount "173"]
[EventDate "2016.??.??"]
[WhiteTeam "SK Nürnberg 1911"]
[BlackTeam "SC JÄKLECHEMIE"]

1. e4 e5 2. Nf3 Nf6 3. Nxe5 d6 4. Nf3 Nxe4 5. d4 d5 6. Bd3 Nc6 7. O-O Be7 8. c4
Nb4 9. Be2 O-O 10. a3 Nc6 11. Nc3 Nxc3 12. bxc3 Bf5 13. Bf4 Rc8 14. Qd2 Na5 15.
Qa2 Nxc4 16. Bxc4 dxc4 17. Qxc4 Be6 18. Qa4 Qd5 19. Rfe1 Bd6 20. Be5 Rfe8 21.
Nd2 b5 22. Qa5 Bh3 23. gxh3 Bxe5 24. c4 Qxd4 25. Nf3 Qc3 26. Qxb5 c6 27. Qc5
Bxh2+ 28. Kxh2 Qxf3 29. Qxa7 Qf4+ 30. Kg2 Qxc4 31. Qd7 Qd5+ 32. Qxd5 cxd5 33.
Red1 Red8 34. Rd3 f6 35. Rb1 Rc7 36. Rb5 Rcd7 37. Kf3 Kf7 38. a4 Ke6 39. a5 Ra8
40. Ke3 g5 41. Kd4 Rd6 42. Ra3 h5 43. f3 Raa6 44. Rc3 Kf5 45. Ke3 Ke5 46. Rd3
Rd8 47. Rd4 Rc6 48. Rd3 f5 49. Rb4 Rc5 50. Ra4 Ra8 51. a6 Rc4 52. Ra5 f4+ 53.
Kd2 Rd4 54. a7 h4 55. Ke2 Rxd3 56. Kxd3 Kd6 57. Kd4 Kc6 58. Ra3 Kb7 59. Kxd5
Rd8+ 60. Ke4 Ka8 61. Kf5 Re8 62. Kg4 Re5 63. Ra4 Rd5 64. Ra6 Re5 65. Rg6 Re1
66. Rxg5 Kxa7 67. Kxh4 Kb6 68. Kg4 Kc6 69. Kxf4 Kd6 70. h4 Ke6 71. h5 Kf6 72.
Ra5 Rb1 73. Ra6+ Kg7 74. h6+ Kh7 75. Kf5 Rb5+ 76. Kg4 Rc5 77. f4 Rc1 78. Kg5
Rg1+ 79. Kf5 Re1 80. Re6 Rg1 81. Rf6 Re1 82. Rg6 Re2 83. Kf6 Re1 84. f5 Re2 85.
Rg3 Ra2 86. Rh3 Ra6+ 87. Kg5 1-0

[Event "Kreis-Mitte-EM"]
[Site "Zirndorf"]
[Date "2016.01.04"]
[Round "5.3"]
[White "Nüßlein, Christian"]
[Black "Mantel, Ruben"]
[Result "0-1"]
[WhiteElo "1649"]
[BlackElo "1901"]
[PlyCount "44"]
[EventDate "2016.??.??"]
[WhiteTeam "SG Nürnberg 1978"]
[BlackTeam "Zabo-Eintracht N."]

1. b4 c6 2. c4 d5 3. e3 Bf5 4. Bb2 Nf6 5. a4 e6 6. b5 Be7 7. Nf3 O-O 8. Nh4
Bxb1 9. Rxb1 Ne4 10. Nf3 Nd7 11. d3 Bb4+ 12. Ke2 Nc3+ 13. Bxc3 Bxc3 14. Nd4
Bxd4 15. exd4 e5 16. dxe5 Nxe5 17. Qb3 dxc4 18. dxc4 Re8 19. Qc3 Ng6+ 20. Kf3
Nh4+ 21. Kg4 h5+ 22. Kh3 Qd7+ 0-1

[Event "Kreis-Mitte-EM"]
[Site "Zirndorf"]
[Date "2016.01.04"]
[Round "5.4"]
[White "Rummel, Gerald"]
[Black "Wawor, Gerhard"]
[Result "0-1"]
[WhiteElo "1732"]
[BlackElo "1893"]
[PlyCount "44"]
[EventDate "2016.??.??"]
[WhiteTeam "SG Nürnberg 1978"]
[BlackTeam "SK Nürnberg 1911"]

1. e4 e6 2. d4 d5 3. Nc3 Bb4 4. e5 Ne7 5. Qg4 O-O 6. Bd3 c5 7. Nf3 f5 8. exf6
Rxf6 9. Bg5 e5 10. Bxh7+ Kxh7 11. Qh4+ Rh6 12. Bxh6 gxh6 13. O-O cxd4 14. Ne2
Nbc6 15. c3 dxc3 16. bxc3 Ba5 17. Qf6 Qh8 18. Qh4 Qg7 19. Nd2 Bg4 20. f3 Be6
21. Kh1 Nf5 22. Qh3 Nfd4 0-1

[Event "Kreis-Mitte-EM"]
[Site "Zirndorf"]
[Date "2016.01.04"]
[Round "5.5"]
[White "Leis, Stefan"]
[Black "Effenberg, Michael"]
[Result "1/2-1/2"]
[WhiteElo "1878"]
[BlackElo "1673"]
[PlyCount "72"]
[EventDate "2016.??.??"]
[WhiteTeam "SC Mühlh.-Reichelsd."]
[BlackTeam "SC JÄKLECHEMIE"]

1. d4 d5 2. e4 dxe4 3. Nc3 Nf6 4. f3 exf3 5. Nxf3 e6 6. Bg5 Be7 7. Bd3 Nd5 8.
Nxd5 exd5 9. Qe2 Be6 10. h4 h6 11. Bd2 Nc6 12. O-O-O Bg4 13. Qf2 Qd6 14. Rde1
O-O-O 15. Ne5 Nxe5 16. dxe5 Qc5 17. Bf5+ Bxf5 18. Qxf5+ Rd7 19. Qg4 Qc4 20.
Qxg7 Qxa2 21. Qxh8+ Rd8 22. Qxd8+ Kxd8 23. Bc3 Qa4 24. Rd1 c6 25. Kb1 Qg4 26.
Rhf1 Bxh4 27. Rd4 Qxg2 28. Rdf4 Be7 29. Rxf7 h5 30. Bd4 h4 31. Rg1 Qe4 32. Rg8+
Kd7 33. Rgg7 Qe1+ 34. Ka2 Qa5+ 35. Kb3 Qb5+ 36. Ka2 Qa5+ 1/2-1/2

[Event "Kreis-Mitte-EM"]
[Site "Zirndorf"]
[Date "2016.01.04"]
[Round "5.6"]
[White "Fuchs, Gerhard"]
[Black "Wirth, Karl-Heinz"]
[Result "1-0"]
[WhiteElo "2052"]
[BlackElo "1758"]
[PlyCount "63"]
[EventDate "2016.??.??"]
[WhiteTeam "SK Nürnberg 1911"]
[BlackTeam "SC Mühlh.-Reichelsd."]

1. e4 e5 2. Nf3 f5 3. Nxe5 Qf6 4. d4 d6 5. Nc4 fxe4 6. Nc3 Qg6 7. Ne3 c6 8. Be2
Nf6 9. f3 exf3 10. Bxf3 Be7 11. d5 c5 12. O-O O-O 13. Re1 Nbd7 14. Nc4 Ne5 15.
Nxe5 dxe5 16. Rxe5 Bd6 17. Rg5 Qf7 18. Nb5 Bb8 19. d6 Qd7 20. Nc3 Bxd6 21. Nd5
h6 22. Rg6 Qf5 23. Nxf6+ Rxf6 24. Qd5+ Be6 25. Rxf6 Qxf6 26. Qxd6 Rd8 27. Qf4
Qg6 28. Be3 Rf8 29. Qe4 Bf5 30. Qxb7 Bxc2 31. Bxc5 Rf7 32. Bd5 1-0

[Event "Kreis-Mitte-EM"]
[Site "Zirndorf"]
[Date "2016.01.04"]
[Round "5.7"]
[White "Herbst, Thomas"]
[Black "Meyer, Robert"]
[Result "1-0"]
[WhiteElo "1846"]
[BlackElo "1576"]
[PlyCount "75"]
[EventDate "2016.??.??"]
[WhiteTeam "SK Nürnberg 1911"]
[BlackTeam "SC Stein"]

1. d4 d5 2. c4 e6 3. Nf3 Nf6 4. g3 b6 5. Bg2 Bb7 6. Qa4+ Qd7 7. Qc2 dxc4 8.
Qxc4 Bd5 9. Qd3 Nc6 10. O-O Rd8 11. e3 Be4 12. Qe2 Bd6 13. Nc3 Bg6 14. Nh4 Bh5
15. Qb5 Nb8 16. Qg5 Bg6 17. Nxg6 hxg6 18. Qb5 Rh5 19. Qxd7+ Kxd7 20. Bf3 Rh7
21. Kg2 g5 22. e4 g4 23. Be2 Rdh8 24. Rh1 e5 25. d5 Ke7 26. Bg5 Nbd7 27. Bxg4
Nc5 28. Be2 Kf8 29. Bxf6 gxf6 30. h4 Rg8 31. Kh3 f5 32. exf5 e4 33. b4 Be5 34.
Rac1 e3 35. bxc5 bxc5 36. f4 Rhg7 37. Ne4 Bd6 38. Rc3 1-0

[Event "Kreis-Mitte-EM"]
[Site "Zirndorf"]
[Date "2016.01.04"]
[Round "5.8"]
[White "Meulner, Fabian"]
[Black "Drees, Martin"]
[Result "1/2-1/2"]
[WhiteElo "1765"]
[BlackElo "1875"]
[PlyCount "116"]
[EventDate "2016.??.??"]
[WhiteTeam "SW Nürnberg Süd"]
[BlackTeam "TSV Cadolzburg"]

1. Nf3 Nf6 2. c4 g6 3. Nc3 Bg7 4. d4 d5 5. Bg5 Ne4 6. Bh4 Nxc3 7. bxc3 c5 8.
cxd5 Qxd5 9. e3 Nc6 10. Be2 O-O 11. O-O e5 12. c4 Qd6 13. d5 Ne7 14. e4 f5 15.
Nd2 h6 16. f3 b6 17. a4 g5 18. Bf2 Ng6 19. a5 Bd7 20. exf5 Bxf5 21. Ne4 Qc7 22.
Ng3 Bd7 23. Bd3 Nf4 24. Be4 Qd6 25. Bb1 Qf6 26. Ne4 Qf7 27. Qc2 Bf5 28. Qa2
Nxg2 29. Nd6 Bxb1 30. Nxf7 Bxa2 31. Rxa2 Nf4 32. Nd6 Rad8 33. Nb5 Rf7 34. axb6
axb6 35. Ra6 Rb8 36. Nd6 Rff8 37. Rb1 Nh3+ 38. Kg2 Nxf2 39. Kxf2 g4 40. Rb3 Rf6
41. Ne4 Rf4 42. Nxc5 Rbf8 43. Ne6 Rxf3+ 44. Rxf3 Rxf3+ 45. Kg2 e4 46. Ra8+ Bf8
47. Rxf8+ Rxf8 48. Nxf8 Kxf8 49. Kf2 h5 50. Ke3 h4 51. Kxe4 g3 52. hxg3 hxg3
53. Kf3 Ke7 54. Kxg3 Kd6 55. Kf4 b5 56. cxb5 Kxd5 57. b6 Kc6 58. Ke5 Kxb6
1/2-1/2

[Event "Kreis-Mitte-EM"]
[Site "Zirndorf"]
[Date "2016.01.04"]
[Round "5.9"]
[White "Faralisz, Patrick"]
[Black "Diebel, Günter"]
[Result "0-1"]
[WhiteElo "1803"]
[BlackElo "1700"]
[PlyCount "30"]
[EventDate "2016.??.??"]
[WhiteTeam "SC N-T Nürnberg"]
[BlackTeam "SW Nürnberg Süd"]

1. e4 c5 2. Nf3 Nc6 3. Bb5 Nd4 4. Bc4 e6 5. Nc3 a6 6. O-O b5 7. Be2 Bb7 8. Re1
b4 9. Nb1 Bxe4 10. Nxd4 cxd4 11. Bxa6 Bxg2 12. Kxg2 Rxa6 13. Qe2 Qa8+ 14. Kg1
e5 15. d3 Rg6+ 0-1